000 01166cab a22002295a 4500
001 L137472
008 070410s2007 xxkbo f g 000 0 eng d
035 _a(Sirsi) u137472
041 0 _aeng
100 1 _aCooper, Anne
245 0 0 _aNational implications of an appeal which considered PPS10 in relation to land fill operations
260 _c2007
490 _aWaste Planning
_v(62) March 2007, 3-5(3)
520 _aDetails an appeal decision on an extension to Lidsey Landfill near Bognor Regis which highlighted a number of issues in relation to the application of PPS10 that are likely to be of interest to Waste Planning Authorities other than West Sussex CC which was the authority directly involved. West Sussex CC faced difficulties in attempting to defend its original decision to refuse consent largely on the basis of policies in a Waste Local Plan that both predated PPS10, and was not adopted.
590 _aKA
610 2 4 _aWest Sussex County Council
_91858
650 2 4 _aPLANNING POLICY STATEMENT 10
651 4 _aBOGNOR REGIS
690 _aENVIRONMENTAL AND LAND CONSULTANCY-WASTE MANAGEMENT
700 1 _aSierakowski, Andrew
942 _n0
999 _c78621
_d78621